000 00266nam a22000977a 4500
999 _c11233
_d11233
008 181106b ||||| |||| 00| 0 eng d
020 _a9788183507653
100 _aGrewals,T.S.
_93993
245 _aDouble Entry Book Keeping -XII
260 _aNew Delhi
_bSultan Chand
_c2018